[Event "TUR Cup										"]
[Site "Antalya"]
[Date "2018.02.01"]
[Round "8"]
[White "Mataraci, Omer Baransel"]
[Black "Karagollu, Baran Ilyas"]
[Result "1/2-1/2"]
[WhiteElo "1694"]
[BlackElo "1589"]
[PlyCount "81"]
[EventDate "2018.01.27"]
[EventType "swiss"]
[EventRounds "11"]
[EventCountry "TUR"]
[SourceTitle "CBM 182 Extra"]
[Source "ChessBase"]
[SourceDate "2018.02.23"]
[SourceVersion "1"]
[SourceVersionDate "2018.02.23"]
[SourceQuality "1"]

1. e4 b6 2. g3 Bb7 3. Bg2 e6 4. d4 Nf6 5. Nd2 Be7 6. Ne2 0-0 7. 0-0 d5 8. e5 Nfd7 9. f4 c5 10. c3 Nc6 11. Nf3 Qc7 12. f5 cxd4 13. cxd4 Ba6 14. fxe6 fxe6 15. Bh3 Rxf3 16. Bxe6+ Kh8 17. Rxf3 Bxe2 18. Qxe2 Nxd4 19. Qd3 Nxf3+ 20. Qxf3 Nxe5 21. Qe2 Re8 22. Be3 Qc6 23. Qh5 Bf6 24. Bxd5 Qd7 25. Rd1 Rd8 26. Rd2 Qg4 27. Qxg4 Nxg4 28. Bf4 g5 29. Be6 Rxd2 30. Bxd2 Ne5 31. Kf2 Nd3+ 32. Ke3 Nc5 33. Bd5 Bxb2 34. Bb4 Kg7 35. Bxc5 bxc5 36. Kd3 a5 37. g4 Kf6 38. Ke4 h6 39. a4 Bd4 40. Bc4 Bc3 41. h3 1/2-1/2

[Event "TUR Cup"]
[Site "Antalya"]
[Date "2017.01.31"]
[Round "6"]
[White "Tahaoglu, Erson"]
[Black "Karagollu, Baran Ilyas"]
[Result "1-0"]
[WhiteElo "1452"]
[BlackElo "1600"]
[PlyCount "68"]
[EventDate "2017.01.28"]
[EventType "swiss"]
[EventRounds "11"]
[EventCountry "TUR"]
[SourceTitle "CBM 176 Extra"]
[Source "ChessBase"]
[SourceDate "2017.03.02"]
[SourceVersion "1"]
[SourceVersionDate "2017.03.02"]
[SourceQuality "1"]

1. c4 Nf6 2. Nc3 g6 3. e4 d6 4. g3 Bg7 5. Bg2 0-0 6. Nge2 Nc6 7. Rb1 Na5 8. d3 c5 9. 0-0 a6 10. a3 Nc6 11. Qc2 Rb8 12. Bg5 b5 13. Nd5 Nxd5 14. cxd5 Nd4 15. Nxd4 Bxd4 16. Bh6 Re8 17. h4 b4 18. axb4 Rxb4 19. Bd2 Rb5 20. Bc3 Bd7 21. Bxd4 cxd4 22. f4 Qb6 23. Rf2 Qc5 24. Qd1 Qc8 25. Rc2 Qb7 26. h5 Rc8 27. h6 Rxc2 28. Qxc2 Qc8 29. Qf2 Rb4 30. Qd2 Qb8 31. f5 f6 32. g4 g5 33. Bf3 a5 34. Bd1 Kf7 1-0

[Event "Kemer Turkey Cup"]
[Site "Kemer"]
[Date "2014.02.06"]
[Round "7"]
[White "Ersoy, Emre"]
[Black "Karagollu, Baran Ilyas"]
[Result "0-1"]
[WhiteElo "1785"]
[BlackElo "1495"]
[PlyCount "44"]
[EventDate "2014.02.01"]
[EventType "swiss"]
[EventRounds "9"]
[EventCountry "TUR"]
[SourceTitle "CBM 158 Extra"]
[Source "ChessBase"]
[SourceDate "2014.02.28"]
[SourceVersion "1"]
[SourceVersionDate "2014.02.28"]
[SourceQuality "1"]

1. e4 e5 2. Nf3 Nc6 3. Bb5 Nf6 4. 0-0 a6 5. Ba4 Be7 6. Re1 b5 7. Bb3 0-0 8. c3 d5 9. exd5 Nxd5 10. Nxe5 Nxe5 11. Rxe5 Nf6 12. Re1 Ng4 13. h3 Bd6 14. d4 Qh4 15. Qf3 Nxf2 16. Qxf2 Bh2+ 17. Kf1 Bg3 18. Qxf7+ Rxf7+ 19. Bxf7+ Kxf7 20. Re2 Bxh3 21. gxh3 Qxh3+ 22. Kg1 Re8 0-1